| 000 | 00542nam a2200169 i 4500 | ||
|---|---|---|---|
| 001 | 32834 | ||
| 003 | ES-MaACL | ||
| 005 | 20230906154638.0 | ||
| 007 | t| | ||
| 008 | 030131s1971 sp ||||1| spa d | ||
| 100 | 1 |
_aBenito Ruano, Eloy. _927689 |
|
| 245 | 1 | 0 |
_aRentas del Colegio "San Gregorio" de Oviedo / _cpor Eloy Benito Ruano. |
| 260 |
_aOviedo : _b[s.n., _c1971] ( _f"La Cruz") |
||
| 300 |
_a11 p. ; _c24 cm. |
||
| 500 | _aEs separata de: BoletÃn del Instituto de Estudios Asturianos, n. 75. | ||
| 852 |
_aES-MaACL _j2094-F-10 _bR.91132 |
||
| 999 |
_c32834 _d32834 |
||